| 000 | 00000nam 2200000zi 4500 |
| 001 | 9.931326 |
| 003 | CaOODSP |
| 005 | 20240125155301 |
| 006 | m o d f |
| 007 | cr |n||||||||| |
| 008 | 231211s2023 onc ob f000 0 fre d |
| 040 | |aCaOODSP|bfre|erda|cCaOODSP |
| 043 | |an-cn--- |
| 086 | 1 |aNG21-8/2023F-PDF |
| 245 | 00|aPolitique d'approvisionnement. |
| 246 | 37|aMusée des beaux-arts du Canada – politique d'approvisionnement |
| 264 | 1|a[Ottawa] : |bMusée des beaux-arts du Canada = National Gallery of Canada, |c[2023] |
| 300 | |a1 ressource en ligne (7 pages) |
| 336 | |atexte|btxt|2rdacontent/fre |
| 337 | |ainformatique|bc|2rdamedia/fre |
| 338 | |aressource en ligne|bcr|2rdacarrier/fre |
| 500 | |aTitre de la couverture. |
| 500 | |a« Cette politique a été approuvée par le conseil d’administration le 6 mars 2023. »--page couverture. |
| 500 | |aPublié aussi en anglais sous le titre : Procurement policy. |
| 504 | |aComprend des références bibliographiques (pages 6-7). |
| 610 | 26|aMusée des beaux-arts du Canada|xApprovisionnement. |
| 650 | 6|aApprovisionnement public|zCanada. |
| 650 | 6|aContrats administratifs|zCanada. |
| 710 | 2 |aMusée des beaux-arts du Canada, |eorganisme de publication. |
| 775 | 08|tProcurement policy.|w(CaOODSP)9.931325 |
| 856 | 40|qPDF|s251 Ko|uhttps://publications.gc.ca/collections/collection_2023/mbac-ngc/NG21-8-2023-fra.pdf |